000 00530nam a2200193Ia 4500
008 101110s9999 xx 000 0 und d
041 _aENGLISH
082 _bSR10830
_a651.73
100 _aAtthreya N.H.
245 _aHow to Develop a Winning voice Bus.Organisations
365 _b10
520 _aCommerce
546 _aENGLISH
630 _aHow to Develop a Winning voice Bus.Organisations
650 _aCommerce
655 _aCommerce
730 _aHow to Develop a Winning voice Bus.Organisations
942 _cBOOK
999 _c805719
_d805716